Normal view
MARC view
- Community and college
Entry Topical Term
001 - CONTROL NUMBER
- control field: 103587
003 - CONTROL NUMBER IDENTIFIER
- control field: TR-AnTOB
005 - DATE AND TIME OF LATEST TRANSACTION
- control field: 20200612124105.0
008 - FIXED-LENGTH DATA ELEMENTS
- fixed length control field: 060531i| azannbabn |a ana
010 ## - LIBRARY OF CONGRESS CONTROL NUMBER
- LC control number: sh 85029196
035 ## - SYSTEM CONTROL NUMBER
- System control number: (TR-AnTOB)103587
040 ## - CATALOGING SOURCE
- Original cataloging agency: DLC
- Language of cataloging: eng
- Transcribing agency: DLC
- Modifying agency: DLC
- Modifying agency: TR-AnTOB
053 #0 - LC CLASSIFICATION NUMBER
- Classification number element--single number or beginning number of span: LC237
- Classification number element--ending number of span: LC238.4
150 ## - HEADING--TOPICAL TERM
- Topical term or geographic name entry element: Community and college
450 ## - SEE FROM TRACING--TOPICAL TERM
- Topical term or geographic name entry element: College and community
450 ## - SEE FROM TRACING--TOPICAL TERM
- Topical term or geographic name entry element: Kolej ve topluluk
450 ## - SEE FROM TRACING--TOPICAL TERM
- Topical term or geographic name entry element: Town and gown
450 ## - SEE FROM TRACING--TOPICAL TERM
- Topical term or geographic name entry element: University and community
450 ## - SEE FROM TRACING--TOPICAL TERM
- Topical term or geographic name entry element: Üniversite ve topluluk
450 ## - SEE FROM TRACING--TOPICAL TERM
- Topical term or geographic name entry element: Topluluk ve yüksekokul
550 ## - SEE ALSO FROM TRACING--TOPICAL TERM
- Topical term or geographic name entry element: Universities and colleges
- Control subfield: g
550 ## - SEE ALSO FROM TRACING--TOPICAL TERM
- Topical term or geographic name entry element: University towns
688 ## - APPLICATION HISTORY NOTE
- Institution to which field applies: TR-AnTOB
- Application history note: Op 12.06.2020
750 ## - ESTABLISHED HEADING LINKING ENTRY--TOPICAL TERM
- Authority record control number or standard number: https://lccn.loc.gov/sh85029196
- Source of heading or term: lcsh



